| 000 | 00410nam a2200157Ia 4500 | ||
|---|---|---|---|
| 005 | 20250411053142.0 | ||
| 008 | 240331s9999 xx 000 0 und d | ||
| 020 | _a9559525433 | ||
| 082 |
_bRAJ _a891 |
||
| 100 | _aRajakaruna,T.S | ||
| 245 | 0 | _aSakayi 1,11, 111 | |
| 260 |
_aNugegoda _bNihal Rajakarunanaiyake _c1991 |
||
| 300 | _a152 p ., | ||
| 500 | _aTransalation of Pearl s Bakke hidden flower | ||
| 942 | _cL | ||
| 999 |
_c5489 _d5489 |
||